000 00713nam a2200181Ia 4500
008 090630s9999 xx 000 0 und d
082 _b17721
100 _aडॉ गाला धीरेन.
245 _aनिरोगी राहण्याची गुरुकिल्ली.
_cडॉ गाला धीरेन.
260 _bनवनीत.
300 _a0
600 _aडॉ गाला धीरेन.
630 _aनिरोगी राहण्याची गुरुकिल्ली.
655 _aइतर.
700 _aडॉ गाला धीरेन.
730 _aनिरोगी राहण्याची गुरुकिल्ली.
942 _cBOOK
999 _c269577
_d269577